=LDR 00000nam 2200000 4500 =001 INLIS000000000046158 =005 20150217095225.0 =006 =007 =008 =020 ##$$a 978-979-29-0220-4 =035 ##$$0010-021500000000719 =040 ##$$a NBPDMAT =082 ##$$a 658.84 =090 ##$$a 658.84 $b Suy m =100 ##$$a M. Suyanto =245 ##$$a Marketing Strategy Top Brand Indonesia / $c Oleh M. Suyanto ; Editor,Dhewiberta Hardjono =260 ##$$a Yogyakarta $b Andi $c 2007 =300 ##$$a viii, 241 hlm $b Ilus $c 21 Cm =650 ##$$a Penataran, Strategi =990 ##$$a 0001/BPAP-NTB/20142015 =990 ##$$a 0001/BPAP-NTB/2016